Normal view
MARC view
- Kumar, S. V. Ed
Entry Personal Name
001 - CONTROL NUMBER
- control field: 68413
003 - CONTROL NUMBER IDENTIFIER
- control field: OSt
005 - DATE AND TIME OF LATEST TRANSACTION
- control field: 20220806111511.0
008 - FIXED-LENGTH DATA ELEMENTS
- fixed length control field: 220806|| aca||aabn | a|a d
040 ## - CATALOGING SOURCE
- Original cataloging agency: OSt
- Transcribing agency: OSt
100 ## - HEADING--PERSONAL NAME
- Personal name: Kumar, S. V. Ed
670 ## - SOURCE DATA FOUND
- Source citation: Work cat.: (OSt)38438: Kumar, S. V. Ed., British Victorian Literature: Critical Assessments, 2014